Nad dielom Andreja Očenáša Noví slovenskí národní umelci

Bibliographic Details
Main Author: Podracký, Igor, 1946-2013 (Author)
Format: Article
Language:Slovak
Subjects:

MARC

LEADER 00000nab a2200000 a 4500
001 vtls000317191
003 SK-MaSNL
005 20260303201536.0
008 111201c1978 xo 0 slo
015 |a SNBRB19rr/mm-uuuuu 
035 |a CL0007283 
040 |a SNKBUCL  |b slo  |c SNKBUCL  |e AACR2 
041 0 |a slo 
044 |a xo  |c SK 
080 |a 78  |2 1981 
080 |a 92 Očenáš, Andrej  |2 1981 
100 1 |a Podracký, Igor,  |d 1946-2013  |4 aut  |9 234497 
245 1 0 |a Nad dielom Andreja Očenáša  |b Noví slovenskí národní umelci  |c I. Podracký 
600 1 7 |a Očenáš, Andrej,  |d 1911-1995  |2 snkbucl  |9 117385 
648 7 |a 1978  |2 snkbucl  |9 377332 
650 0 7 |a Národný umelec (titul)  |2 snkbucl  |9 958021 
655 7 |a články z novín a časopisov  |2 snkbucl  |9 267496 
773 0 |t Práca  |g Roč. 33, č. 101 (29. 4. 1978), s. 6 
850 |a Slovenská národná knižnica v Martine  |a MTA001 
852 |a SNK  |b KIS3GCP 
992 |a RBX 
999 |c 2174751  |d 2176681